[Event "11. Lovsprings EMT Basis 1 2000"]
[Site "Ringsted"]
[Date "2000.05.12"]
[Round "7"]
[White "Jensen, Karsten"]
[Black "Alstrup, Thomas"]
[Result "0-1"]
[WhiteElo "1652"]
[BlackElo "1763"]
[PlyCount "48"]
[EventDate "2000.??.??"]

1. e4 c5 2. Nf3 e6 3. d4 cxd4 4. Nxd4 Nf6 5. e5 Qa5+ 6. Nc3 Qxe5+ 7. Be2 Nc6 8.
Nf3 Qc7 9. Bg5 a6 10. a3 d5 11. Qd3 Be7 12. g3 h6 13. Be3 b5 14. b4 Bb7 15. O-O
O-O 16. Nd2 Rac8 17. f4 Nxb4 18. Nxb5 Qxc2 19. axb4 axb5 20. Qxb5 Bc6 21. Qa5
Qc3 22. Ra3 Qxb4 23. Rfa1 d4 24. Qxb4 Bxb4 0-1

[Event "11. Lovsprings EMT Basis 1 2000"]
[Site "Ringsted"]
[Date "2000.05.12"]
[Round "7"]
[White "Madsen, Morten"]
[Black "Dickow, Flemming"]
[Result "1-0"]
[WhiteElo "1866"]
[BlackElo "1739"]
[PlyCount "59"]
[EventDate "2000.??.??"]

1. d4 g6 2. e4 Bg7 3. c3 d6 4. Nf3 Nd7 5. Bc4 e6 6. Bg5 Ne7 7. O-O h6 8. Bh4 a6
9. a4 b6 10. Nbd2 Bb7 11. Bb3 O-O 12. Qc2 Re8 13. Rfe1 g5 14. Bg3 Ng6 15. Kh1
e5 16. dxe5 dxe5 17. Rad1 Qe7 18. Nf1 Nc5 19. Bd5 c6 20. Ba2 b5 21. a5 Bc8 22.
Ne3 Qc7 23. b4 Nb7 24. h4 g4 25. Nd4 Nd6 26. Ndf5 Nxf5 27. exf5 Nf4 28. Nxg4
Bb7 29. Bxf4 exf4 30. f6 1-0

[Event "11. Lovsprings EMT Basis 1 2000"]
[Site "Ringsted"]
[Date "2000.05.12"]
[Round "7"]
[White "Pedersen, Allan"]
[Black "Eckert, Svend"]
[Result "0-1"]
[WhiteElo "1672"]
[BlackElo "1650"]
[PlyCount "46"]
[EventDate "2000.??.??"]

1. c4 Nf6 2. g3 c6 3. Bg2 d5 4. cxd5 cxd5 5. Nf3 Nc6 6. O-O e5 7. d3 Bd6 8. b3
e4 9. dxe4 dxe4 10. Nd4 Be5 11. e3 Nxd4 12. exd4 Qxd4 13. Nc3 Qxd1 14. Rxd1
Bxc3 15. Rb1 O-O 16. Bg5 Bg4 17. Rd6 Bf3 18. Bxf3 exf3 19. Bxf6 Bxf6 20. Rd3
Rad8 21. Rxf3 Rd2 22. a4 Rfd8 23. Kg2 Rd1 0-1

[Event "11. Lovsprings EMT Basis 1 2000"]
[Site "Ringsted"]
[Date "2000.05.12"]
[Round "7"]
[White "Schroder, Jan Morville"]
[Black "Nielsen, Carl Otto"]
[Result "1/2-1/2"]
[WhiteElo "1811"]
[BlackElo "1729"]
[PlyCount "145"]
[EventDate "2000.??.??"]

1. d4 Nf6 2. c4 e6 3. Nc3 Bb4 4. e3 O-O 5. Bd3 c5 6. d5 d6 7. Nge2 e5 8. O-O
Bxc3 9. Nxc3 Re8 10. e4 Nbd7 11. h3 Nf8 12. f4 N6d7 13. Nb5 Qb6 14. Rb1 a6 15.
Nc3 exf4 16. Bxf4 Ng6 17. Bg3 Nde5 18. Bc2 Bd7 19. Qd2 Re7 20. Rf2 f6 21. b3
Be8 22. Rbf1 Bf7 23. h4 h6 24. h5 Nf8 25. Bh4 Nh7 26. Rf4 Ng5 27. Nd1 Be8 28.
Nf2 Bd7 29. Nh1 Rae8 30. Ng3 Nef7 31. Bd3 Ne5 32. Be2 a5 33. Bd1 Qb4 34. Qc2
Nef7 35. Bg4 Bxg4 36. Rxg4 Re5 37. Rgf4 Qb6 38. R1f2 Qc7 39. Kh2 Qd7 40. Rf1 b6
41. a4 Qd8 42. R1f2 Qd7 43. Re2 Qe7 44. Nf5 Qd7 45. g4 Rf8 46. Be1 Ree8 47. Bc3
Ne5 48. Bxe5 Rxe5 49. Qd3 Rfe8 50. Kg3 Kh7 51. Kf2 Kg8 52. Ke1 Kh7 53. Kd1 Kg8
54. Nh4 Nf7 55. Nf3 R5e7 56. Rf2 Ne5 57. Nxe5 Rxe5 58. Qf3 Qe7 59. Re2 Rg5 60.
Rf5 Rf8 61. Qf4 Re8 62. Kd2 Rxf5 63. gxf5 Qe5 64. Qxe5 Rxe5 65. Ke3 Kf7 66. Rg2
Re7 67. Rg4 Re5 68. Kd3 Re7 69. Rg2 Kf8 70. Ra2 Ra7 71. Ke3 Ra8 72. Kf4 Re8 73.
Rg2 1/2-1/2